同じ路線同士で2回以上接続するもの - Statistics

General Stats
  • This quiz has been taken 478 times
  • The average score is 57 of 110
Answer Stats
路線 接続路線 接続駅 % Correct
JR東海道本線 東海道新幹線、JR南武線、 JR根岸線、 JR御殿場線、 JR中央本線、 京急本線、 東急東横線、 横浜市営ブルーライン、 天竜浜名湖線、 名鉄名古屋本線、 近江鉄道本線 東京・新大阪など、武蔵小杉・川崎、
横浜・大船、
国府津・沼津、 名古屋・金山、 品川・横浜、 武蔵小杉・横浜、 横浜・戸塚、 掛川・新所原、 豊橋・金山、
米原・彦根
89%
JR東北本線 東北新幹線、JR常磐線、 JR武蔵野線、 JR総武本線、 仙台市営南北線、 阿武隈急行線、 東京メトロ日比谷線、 東京メトロ銀座線、 日暮里・舎人ライナー 盛岡・東京など、岩沼・日暮里、 武蔵浦和・南浦和、 秋葉原・東京、 仙台・長町、 槻木・福島、 上野・秋葉原、 上野・神田、 西日暮里・日暮里
87%
JR中央本線 JR山手線、 JR東海道本線、 東京メトロ丸ノ内線、東京メトロ南北線、 東京メトロ東西線、 東京メトロ有楽町線、 都営新宿線、 都営大江戸線、 名古屋市営名城線、 名古屋市営東山線 新宿・代々木、 名古屋・金山、 荻窪・御茶ノ水など、 飯田橋・四ツ谷、 飯田橋・中野、 飯田橋・市ケ谷、 市ケ谷・新宿、 東中野・新宿・飯田橋、 大曽根・金山、 千種・名古屋
86%
JR山手線 JR中央本線、 東京メトロ丸ノ内線、 東京メトロ南北線、 東京メトロ副都心線、 都営三田線 新宿・代々木、池袋・新宿、
駒込・目黒、 池袋・渋谷、 巣鴨・目黒
83%
東北新幹線 JR奥羽本線、JR東北本線、 IGRいわて銀河鉄道線 新青森・福島、 盛岡・東京など、 二戸・いわて沼宮内・盛岡
78%
JR常磐線 JR東北本線、つくばエクスプレス、
東京メトロ千代田線
岩沼・日暮里、北千住・南千住、
綾瀬・北千住
78%
東海道新幹線 JR東海道本線 東京・新大阪など
77%
東京メトロ東西線 JR中央本線、東京メトロ半蔵門線、
都営大江戸線
飯田橋・中野、九段下・大手町、
飯田橋・門前仲町
77%
東京メトロ丸ノ内線 JR山手線、JR中央本線、 JR総武本線、 東京メトロ南北線、 東京メトロ副都心線、 東京メトロ銀座線、 東京メトロ千代田線、 東京メトロ日比谷線、
都営大江戸線、
都営新宿線
池袋・新宿、荻窪・御茶ノ水など、 御茶ノ水・東京、 後楽園・四ツ谷、 池袋・新宿三丁目、 銀座・赤坂見附、 大手町・霞ケ関・国会議事堂前、 銀座・霞ケ関、
新宿・中野坂上・本郷三丁目、
新宿・新宿三丁目
76%
JR総武本線 JR京葉線、JR成田線、 JR東北本線、 東京メトロ丸ノ内線 東京・西船橋、佐倉・松岸、 秋葉原・東京、 御茶ノ水・東京
76%
JR山陽本線 山陽新幹線、JR赤穂線、 JR呉線、
JR岩徳線、
JR宇部線、 神戸市営海岸線
西明石・新下関など、相生・東岡山、 三原・海田市、
岩国・櫛ケ浜、
新山口・宇部、 和田岬・新長田
76%
札幌市営南北線 札幌市営東豊線 さっぽろ・大通
74%
仙台市営南北線 JR仙山線、JR東北本線 仙台・北仙台、仙台・長町
74%
東京メトロ南北線 JR山手線、JR中央本線、
東京メトロ有楽町線、 東京メトロ丸ノ内線、
都営大江戸線、 都営三田線
駒込・目黒、飯田橋・四ツ谷、
飯田橋・市ケ谷・永田町、 後楽園・四ツ谷、、
飯田橋・麻布十番、 白金高輪・白金台・目黒
74%
都営大江戸線 JR中央本線、 JR山手線、 西武豊島線、 東京メトロ丸ノ内線、 東京メトロ東西線、東京メトロ半蔵門線、 東京メトロ有楽町線、 東京メトロ南北線、 都営新宿線、 都営浅草線 東中野・新宿・飯田橋、 新宿・代々木、 練馬・豊島園、 新宿・中野坂上・本郷三丁目、 飯田橋・門前仲町、青山一丁目・清澄白河、 飯田橋・月島、 飯田橋・麻布十番、 新宿・森下、 蔵前・大門
74%
都営新宿線 JR中央本線、 東京メトロ丸ノ内線、 東京メトロ半蔵門線、 都営大江戸線 市ケ谷・新宿、新宿・新宿三丁目、
九段下・神保町・住吉、
新宿・森下
73%
東京メトロ銀座線 JR東北本線、 東京メトロ丸ノ内線、 東京メトロ半蔵門線、 東京メトロ日比谷線、 都営浅草線 上野・神田、銀座・霞ケ関、
渋谷・三越前など、 上野・銀座、 浅草・日本橋・新橋
72%
東京メトロ副都心線 JR山手線、 東武東上本線、 東京メトロ有楽町線 池袋・渋谷、池袋・和光市、
和光市・池袋など
72%
都営三田線 JR山手線、東京メトロ南北線、 東京メトロ半蔵門線、 東京メトロ千代田線 巣鴨・目黒、白金高輪・白金台・目黒、 神保町・大手町、 大手町・日比谷
72%
東京メトロ有楽町線 JR中央本線、 東武東上本線、、 東京メトロ副都心線、
東京メトロ南北線、 都営大江戸線
飯田橋・市ケ谷、 池袋・和光市、 和光市・池袋など、飯田橋・市ケ谷・永田町、
飯田橋・月島
71%
山陽新幹線 JR山陽本線、JR鹿児島本線 西明石・新下関など、小倉・博多
71%
東京メトロ半蔵門線 東京メトロ銀座線、東京メトロ千代田線、 東京メトロ東西線、
都営大江戸線、
都営新宿線、 都営三田線
渋谷・三越前など、大手町・表参道、 九段下・大手町、
青山一丁目・清澄白河、
九段下・神保町・住吉、 神保町・大手町
70%
東京メトロ日比谷線 JR東北本線、JR常磐線、 つくばエクスプレス、 東京メトロ銀座線、 東京メトロ千代田線、 都営浅草線 上野・秋葉原、北千住・南千住、 北千住・南千住・秋葉原、 上野・銀座、 北千住・銀座・霞ケ関、 東銀座・人形町
70%
東京メトロ千代田線 JR常磐線、東京メトロ丸ノ内線、 東京メトロ半蔵門線、 東京メトロ日比谷線、
都営三田線
綾瀬・北千住、大手町・霞ケ関・国会議事堂前、 大手町・表参道、 北千住・銀座・霞ケ関、
大手町・日比谷
70%
都営浅草線 東武伊勢崎線、東京メトロ銀座線、
東京メトロ日比谷線、
都営大江戸線
押上・浅草、 浅草・日本橋・新橋、 東銀座・人形町、 蔵前・大門
69%
北陸新幹線 JR信越本線、 しなの鉄道線、IRいしかわ鉄道線、
ハピラインふくい線
高崎・長野、軽井沢・上田、 金沢・小松・加賀温泉、 芦原温泉・福井・敦賀
69%
上越新幹線 JR高崎線、 JR上越線、 JR信越本線 大宮・熊谷・高崎、高崎・越後湯沢・浦佐、 長岡・新潟
67%
京成本線 JR成田線、京成成田空港線 空港第2ビル・成田空港、 京成高砂・空港第2ビル・成田空港
67%
京急本線 JR東海道本線 品川・横浜
67%
九州新幹線 JR鹿児島本線、肥薩おれんじ鉄道線 博多・鹿児島中央など、新水俣・出水・川内
67%
JR鹿児島本線 山陽新幹線、 九州新幹線、 JR日豊本線、JR筑豊本線、
肥薩おれんじ鉄道線
小倉・博多、博多・鹿児島中央など、 小倉・西小倉・鹿児島、 折尾・原田、 八代・川内
67%
大阪メトロ中央線 JR大阪環状線 森ノ宮・弁天町
66%
JR函館本線 JR室蘭本線 岩見沢・長万部
66%
JR関西本線 名古屋市営東山線、JR大阪環状線 名古屋・八田、天王寺・新今宮・今宮
62%
JR大阪環状線 JR関西本線、 大阪メトロ中央線、
大阪メトロ長堀鶴見緑地線
天王寺・新今宮・今宮、森ノ宮・弁天町、
京橋・大正など
62%
JR武蔵野線 JR東北本線 武蔵浦和・南浦和
61%
JR京葉線 JR総武本線 西船橋・東京
61%
東武東上本線 東京メトロ有楽町線、東京メトロ副都心線 池袋・和光市、池袋・和光市
60%
大阪メトロ御堂筋線 JR阪和線、 大阪メトロ四つ橋線 天王寺・長居、 本町・大国町など
60%
JR奥羽本線 東北新幹線、JR五能線 新青森・福島、川部・東能代
60%
JR上越線 上越新幹線 高崎・越後湯沢・浦佐
60%
JR高崎線 上越新幹線 大宮・熊谷・高崎
60%
JR成田線 JR総武本線、京成本線、 京成成田空港線 佐倉・松岸、空港第2ビル・成田空港、 空港第2ビル・成田空港
60%
JR信越本線 上越新幹線、 北陸新幹線、JR越後線 長岡・新潟、 高崎・長野、新潟・柏崎
58%
JR室蘭本線 JR函館本線 岩見沢・長万部
57%
JR日豊本線 JR鹿児島本線 小倉・西小倉・鹿児島
56%
JR長崎本線 西九州新幹線 諫早・長崎
55%
東急東横線 JR東海道本線 武蔵小杉・横浜
53%
西九州新幹線 JR長崎本線、JR大村線 諫早・長崎、武雄温泉・新大村・諫早
53%
阪神本線 阪急神戸本線、阪神なんば線 大阪梅田・神戸三宮、大物・尼崎
52%
JR呉線 JR山陽本線 三原・海田市
52%
東武伊勢崎線 東武小泉線、都営浅草線 太田・館林、押上・浅草
51%
名鉄名古屋本線 JR東海道線 豊橋・金山
51%
JR根岸線 JR東海道本線、横浜市営ブルーライン 横浜・大船、横浜・桜木町・関内
51%
つくばエクスプレス JR常磐線東京メトロ日比谷線 北千住・南千住北千住・南千住・秋葉原
50%
阪急神戸本線 阪急宝塚本線、阪神本線 十三・中津・大阪梅田、大阪梅田・神戸三宮
50%
JR外房線 JR内房線 蘇我・安房鴨川
50%
JR内房線 JR外房線 蘇我・安房鴨川
50%
JR赤穂線 JR山陽本線 相生・東岡山
50%
近鉄京都線 京都市営烏丸線 京都・竹田
49%
JR南武線 JR東海道本線 武蔵小杉・川崎
49%
大阪メトロ谷町線 大阪メトロ堺筋線 天神橋筋六丁目・南森町
48%
京急空港線 東京モノレール羽田空港線 天空橋・羽田空港第3ターミナル
47%
大阪メトロ四つ橋線 大阪メトロ御堂筋線 本町・大国町など
46%
JR御殿場線 JR東海道本線 国府津・沼津
46%
JR岩徳線 JR山陽本線 岩国・櫛ケ浜
46%
横浜市営ブルーライン JR東海道本線、 JR根岸線、横浜市営グリーンライン 横浜・戸塚、 横浜・桜木町・関内、センター北・センター南
45%
大阪メトロ長堀鶴見緑地線 JR大阪環状線 京橋・大正など
45%
IGRいわて銀河鉄道線 東北新幹線 二戸・いわて沼宮内・盛岡
45%
肥薩おれんじ鉄道線 九州新幹線、JR鹿児島本線 新水俣・出水・川内、八代・川内
44%
名古屋市営名城線 JR中央本線、ガイドウェイバス志段味線、
名古屋市営桜通線、
名古屋市営鶴舞線、 名古屋市営東山線
大曽根・金山、砂田橋・ナゴヤドーム前矢田・大曽根、
久屋大通・新瑞橋、
上前津・八事、 栄・本山
43%
大阪メトロ堺筋線 大阪メトロ谷町線 天神橋筋六丁目・南森町
43%
JR仙山線 仙台市営南北線 仙台・北仙台
43%
京成成田空港線 JR成田線、京成本線 空港第2ビル・成田空港、京成高砂・空港第2ビル・成田空港
42%
JR五能線 JR奥羽本線 川部・東能代
42%
東京モノレール羽田空港線 京急空港線 天空橋・羽田空港第3ターミナル
41%
横浜市営グリーンライン 横浜市営ブルーライン センター北・センター南
41%
阪急宝塚本線 阪急神戸本線 十三・中津・大阪梅田
41%
しなの鉄道線 北陸新幹線 軽井沢・上田
40%
名古屋市営東山線 JR中央本線、JR関西本線、
名古屋市営名城線、
名古屋市営桜通線
千種・名古屋、名古屋・八田、
栄・本山、
今池・名古屋
40%
名古屋市営桜通線 名古屋市営名城線、名古屋市営鶴舞線、
名古屋市営東山線
久屋大通・新瑞橋、御器所・丸の内、 今池・名古屋
40%
名古屋市営鶴舞線 名古屋市営名城線、名古屋市営桜通線 上前津・八事、御器所・丸の内
39%
近江鉄道本線 JR東海道本線 米原・彦根
39%
JR宇部線 JR山陽本線 新山口・宇部
39%
札幌市営東豊線 札幌市営南北線 さっぽろ・大通
38%
IRいしかわ鉄道線 北陸新幹線 金沢・小松・加賀温泉
38%
JR阪和線 大阪メトロ御堂筋線 天王寺・長居
38%
ハピラインふくい線 北陸新幹線 芦原温泉・福井・敦賀
37%
JR大村線 西九州新幹線 武雄温泉・新大村・諫早
37%
JR筑豊本線 JR鹿児島本線 折尾・原田
36%
阿武隈急行線 JR東北本線 槻木・福島
35%
日暮里・舎人ライナー JR東北本線 西日暮里・日暮里
35%
天竜浜名湖線 JR東海道本線 掛川・新所原
35%
JR越後線 JR信越本線 新潟・柏崎
35%
JR佐世保線 松浦鉄道西九州線 有田・佐世保
33%
JR片町線 JRおおさか東線 放出・鴫野
32%
阪神なんば線 阪神本線 大物・尼崎
30%
京都市営烏丸線 近鉄京都線 京都・竹田
30%
JRおおさか東線 JR片町線 放出・鴫野
28%
松浦鉄道西九州線 JR佐世保線 有田・佐世保
27%
JR予讃線 JR内子線 内子・新谷
26%
JR筑肥線 JR唐津線 唐津・山本
26%
東武小泉線 東武伊勢崎線 太田・館林
24%
西武豊島線 都営大江戸線 練馬・豊島園
24%
JR唐津線 JR筑肥線 唐津・山本
24%
ガイドウェイバス志段味線 名古屋市営名城線 砂田橋・ナゴヤドーム前矢田・大曽根
23%
JR内子線 JR予讃線 内子・新谷
22%
神戸市営海岸線 JR山陽本線 和田岬・新長田
17%
多摩都市モノレール線 京王動物園線 高幡不動・多摩動物公園
14%
京王動物園線 多摩都市モノレール線 高幡不動・多摩動物公園
12%
No matching quizzes found
Score Distribution
Percent of People with Each Score
Percentile by Number Answered
Your Score History
You have not taken this quiz